Latvia vs Lithuania - Statistics

General Stats
  • This quiz has been taken 237 times
  • The average score is 8 of 10
Answer Stats
Question Answer % Correct
Capital is Riga Latvia
100%
Capital is Vilnius Lithuania
100%
Has a larger area Lithuania
95%
Has a larger population Lithuania
86%
54% of its land is forests Latvia
77%
Has a higher GDP Lithuania
73%
Has one of the highest internet speeds in the world Latvia
68%
Celebrates two independence days Lithuania
64%
Has a higher HDI Latvia
55%
12.5% of its population was killed during World War II Latvia
36%
No matching quizzes found
Score Distribution
Percent of People with Each Score
Percentile by Number Answered
Your Score History
You have not taken this quiz